Analysis and design of feedback control systems / (Record no. 194275)

000 -LEADER
fixed length control field 01160 a2200181 4500
003 - CONTROL NUMBER IDENTIFIER
control field Nust
005 - DATE AND TIME OF LATEST TRANSACTION
control field 20230327112428.0
040 ## - CATALOGING SOURCE
Transcribing agency Nust
082 ## - DEWEY DECIMAL CLASSIFICATION NUMBER
Classification number 629.83,THA
100 ## - MAIN ENTRY--PERSONAL NAME
Personal name George J. Thaler,
9 (RLIN) 111436
245 ## - TITLE STATEMENT
Title Analysis and design of feedback control systems /
Statement of responsibility, etc. Thaler, J . George
250 ## - EDITION STATEMENT
Edition statement 2nd ed.
260 ## - PUBLICATION, DISTRIBUTION, ETC.
Place of publication, distribution, etc. McGraw-Hill,
Name of publisher, distributor, etc. New York,
Date of publication, distribution, etc. 1960.
300 ## - PHYSICAL DESCRIPTION
Extent xiii, 648 p
505 ## - FORMATTED CONTENTS NOTE
Formatted contents note General Background (Page-1), The Laplace Transformation (Page-9), Equations of Physical Systems (Page-30), Transient Analysis of Servomechanisms (Page-79), Transfer Functions (Page-117), Graphical Representation and Manipulation of Transfer Functions (Page-151), Analysis of Servomechanism Performance from Equations and Transfer Function Plots (Page-199), Introduction to Design (Page-251), Application of Design Principles (Page-289), Mestrovic Methods for the Analysis and Synthesis of Feedback Control System (Page-344), Sampled Data Servo Systems (Page-389), Phase Plane Analysis of Nonlinear Servos (Page-433), Describing Functions and Applications (Page-479), Relay Servomechanisms (Page-504).
650 ## - SUBJECT ADDED ENTRY--TOPICAL TERM
Topical term or geographic name entry element Control Systems
9 (RLIN) 63530
942 ## - ADDED ENTRY ELEMENTS (KOHA)
Source of classification or shelving scheme
Koha item type Book
Holdings
Withdrawn status Lost status Source of classification or shelving scheme Damaged status Not for loan Permanent Location Current Location Shelving location Date acquired Full call number Barcode Date last seen Price effective from Koha item type Public note
          Military College of Signals (MCS) Military College of Signals (MCS) General Stacks 12/12/2016 629.83,THA MCS5650 12/08/2016 12/12/2016 Book Almirah No.74, Shelf No.7
© 2023 Central Library, National University of Sciences and Technology. All Rights Reserved.